Krantivir Tatya Tope: Pahilya Swatantryasangramache Amar Senapati (Record no. 367891)

MARC details
000 -LEADER
fixed length control field 00534nam a2200181 4500
005 - DATE AND TIME OF LATEST TRANSACTION
control field 20251009111704.0
008 - FIXED-LENGTH DATA ELEMENTS--GENERAL INFORMATION
fixed length control field 250930b |||||||| |||| 00| 0 eng d
041 ## - LANGUAGE CODE
Language code of text/sound track or separate title Marathi
082 ## - DEWEY DECIMAL CLASSIFICATION NUMBER
Classification number 891.46
Item number GUP
100 ## - MAIN ENTRY--PERSONAL NAME
Author Gupt Ramesh
245 ## - TITLE STATEMENT
Title Krantivir Tatya Tope: Pahilya Swatantryasangramache Amar Senapati
260 ## - PUBLICATION, DISTRIBUTION, ETC.
Place of publication, distribution, etc. Pune
Name of publisher, distributor, etc. Bharatiya Vichar Sadhana Pune Prakashan
Date of publication, distribution, etc. 2018
300 ## - PHYSICAL DESCRIPTION
Extent 124
365 ## - TRADE PRICE
Price amount 115.00
Currency code Rs.00
650 ## - SUBJECT ADDED ENTRY--TOPICAL TERM
Topical term or geographic name entry element General
700 ## - ADDED ENTRY--PERSONAL NAME
Personal name Mandke Shashikant
942 ## - ADDED ENTRY ELEMENTS (KOHA)
Koha item type Books
Holdings
Withdrawn status Lost status Source of classification or shelving scheme Damaged status Not for loan Home library Current library Date acquired Vendor Net Price Total Checkouts Full call number Barcode Date last seen Discount Actual Price Koha item type
    Dewey Decimal Classification     School of Fashion Technology School of Fashion Technology 18/08/2025 Bhartiya Vichar Sadhana Foundation 115.50   891.46 GUP SOFT-BK-4547 30/09/2025 30% 165.00 Books